Handbook of Photovoltaic Science and Engineering (Record no. 3268)

MARC details
000 -LEADER
fixed length control field 00600nam a22002177a 4500
003 - CONTROL NUMBER IDENTIFIER
control field OSt
005 - DATE AND TIME OF LATEST TRANSACTION
control field 20160315130112.0
008 - FIXED-LENGTH DATA ELEMENTS--GENERAL INFORMATION
fixed length control field 160315b xxu||||| |||| 00| 0 eng d
020 ## - INTERNATIONAL STANDARD BOOK NUMBER
International Standard Book Number 9780470721698
040 ## - CATALOGING SOURCE
Transcribing agency DDC
082 ## - DEWEY DECIMAL CLASSIFICATION NUMBER
Classification number 621.3 HAN 2011
100 ## - MAIN ENTRY--PERSONAL NAME
Personal name edited by Antonio, Luque; Steven, Hegedus
9 (RLIN) 7360
245 ## - TITLE STATEMENT
Title Handbook of Photovoltaic Science and Engineering
250 ## - EDITION STATEMENT
Edition statement 2nd ed.
260 ## - PUBLICATION, DISTRIBUTION, ETC. (IMPRINT)
Place of publication, distribution, etc. UK; John Wiley, 2011
300 ## - PHYSICAL DESCRIPTION
Extent xxix,1132p; ill: 25cm
504 ## - BIBLIOGRAPHY, ETC. NOTE
Bibliography, etc References, & index included
650 ## - SUBJECT ADDED ENTRY--TOPICAL TERM
Topical term or geographic name as entry element Photovoltaic
9 (RLIN) 4598
650 ## - SUBJECT ADDED ENTRY--TOPICAL TERM
Topical term or geographic name as entry element Engineering
9 (RLIN) 373
942 ## - ADDED ENTRY ELEMENTS (KOHA)
Source of classification or shelving scheme Other/Generic Classification Scheme
Koha item type Open Shelf
Holdings
Withdrawn status Lost status Source of classification or shelving scheme Damaged status Not for loan Home library Current library Date acquired Source of acquisition Inventory number Total Checkouts Full call number Barcode Date last seen Koha item type
    Dewey Decimal Classification     MUST Main Library MUST Main Library 15/03/2016   15/39397   621.3 HAN 2011 2016-0464 15/03/2016 Open Shelf
    Dewey Decimal Classification     MUST Main Library MUST Main Library 19/09/2016 Purchase 16/39804   621.3 HAN 2011 2016-4355 19/09/2016 Open Shelf
    Dewey Decimal Classification     MUST Main Library MUST Main Library 19/09/2016 Purchase 16/39805   621.3 HAN 2011 2016-4356 19/09/2016 Open Shelf
    Dewey Decimal Classification     Main Kihumuro Campus Main Kihumuro Campus 19/09/2016 Purchase 16/39806   621.3 HAN 2011 2016-4357 19/09/2016 Book Bank
    Dewey Decimal Classification     Main Kihumuro Campus Main Kihumuro Campus 19/09/2016 Purchase 16/39807   621.3 HAN 2011 2016-4358 19/09/2016 Book Bank
    Dewey Decimal Classification     Main Kihumuro Campus Main Kihumuro Campus 19/09/2016 Purchase 16/39808   621.3 HAN 2011 2016-4359 19/09/2016 Book Bank